000 01584cam a2200133 4500500
005 20260405023053.0
041 _afre
042 _adc
100 1 0 _aBadie, Bertrand
_eauthor
245 0 0 _aL'Hégémonie contestée : Les nouvelles formes de domination internationale
260 _bOdile Jacob,
_c2019.
520 _aDepuis que l’Amérique de Trump a fait savoir qu’elle privilégierait ses propres intérêts (America first !), tous les regards se sont tournés vers la Chine : va-t-elle se substituer aux États-Unis et incarner une nouvelle forme d’hégémonie mondiale ? L’ordre international n’a-t-il pas besoin d’un leader, si possible bienveillant ?Avec ce livre, Bertrand Badie fait un sort à ce vieux concept des relations internationales. Pour lui, l’hégémonie est un mythe, car elle suppose une adhésion réelle et consentie, à l’image de la ligue de Délos formée par les cités grecques autour d’Athènes. Or une étude attentive de l’histoire montre que l’hégémonie ne s’accomplit jamais sans ambiguïté. Pis encore, elle conduit les puissances à s’aveugler sur le rejet qu’elles suscitent, nourrissant ainsi les mouvements qui peuvent les balayer. La banalisation de la posture contestataire – Erdogan, Poutine… – marque non la disparition de l’hégémonie, mais plutôt son inconsistance.Un essai brillant et profond qui nous invite à considérer d’un œil nouveau les désordres actuels du monde.
856 4 1 _uhttps://shs.cairn.info/l-hegemonie-contestee--9782738149343?lang=fr&redirect-ssocas=7080
999 _c2136695
_d2136695